| 000 | 00895nam a2200229 u 4500 | ||
|---|---|---|---|
| 005 | 20210223130406.0 | ||
| 008 | 080303s2006 r 000 0 eng d | ||
| 020 | _a9706831576 | ||
| 035 | _aUPN01000154680 | ||
| 049 | _aCG | ||
| 050 | 4 |
_aQK495 C1.1 _bA9.3 |
|
| 100 | 1 | _aAvila Blomberg, Alejandro de | |
| 245 | 1 | 3 |
_aLa espina y el fruto : plantas del jardín etnobotánico de Oaxaca = the thorn and the fruit : plants from the ethnobotanical garden of Oaxaca / _censayo Alejandro de Ávila Blomberg ; fot. Cecilia Salcedo. |
| 260 |
_aMéxico : _bArtes de México : _bCONACULTA, _c2006. |
||
| 300 |
_a64 p. : _bfots. |
||
| 440 | 0 | _aLibro de la espiral | |
| 650 | 4 |
_aCACTACEAS - _zMEXICO _94373 |
|
| 610 | 2 | 4 |
_aJARDIN ETNOBOTANICO DE OAXACA _911298 |
| 700 | 1 |
_aSalcedo, Cecilia, _efot. |
|
| 740 | 4 | _aThe thorn and the fruit : plants from the ethnobotanical garden of Oaxaca | |
| 905 | _aLibro | ||
| 999 |
_c126797 _d126797 |
||